Neuznaný štát - Podnestersko
Teoretické východiská medzinárodnoprávnych aspektov vzniku nového štátu, náležitosti spojené so vznikom, a medzinárodnoprávne zvyklosti v tejto oblasti. V príspevku je analyzovaný podnesterský konflikt, ktorý viedol ku vzniku nového neuznaného štátu Podnesterská Moldavská republika.
Salvato in:
| Autore principale: | |
|---|---|
| Natura: | Capitolo di libro |
| Lingua: | slovacco |
| Soggetti: | |
| Tags: |
Nessun Tag, puoi essere il primo ad aggiungerne!!
|
MARC
| LEADER | 00000nla$a2200000$$$4500 | ||
|---|---|---|---|
| 001 | 0128054 | ||
| 005 | 20240502072448.2 | ||
| 041 | 0 | |a slo | |
| 044 | |a SK | ||
| 245 | 1 | 0 | |a Neuznaný štát - Podnestersko |c Leonid Raneta |
| 520 | |a Teoretické východiská medzinárodnoprávnych aspektov vzniku nového štátu, náležitosti spojené so vznikom, a medzinárodnoprávne zvyklosti v tejto oblasti. V príspevku je analyzovaný podnesterský konflikt, ktorý viedol ku vzniku nového neuznaného štátu Podnesterská Moldavská republika. | ||
| 610 | 2 | 0 | |a Moldavsko |
| 610 | 2 | 0 | |a história |
| 610 | 2 | 0 | |a konflikty |
| 610 | 2 | 0 | |a konflikty etnické |
| 610 | 2 | 0 | |a nezávislosť |
| 100 | 1 | |a Raneta, Leonid, 1982- | |